LEADER 00834nam0 2200277 450 001 000021758 005 20090119113756.0 100 $a20090119d1982----km-y0itay50------ba 101 0 $aita 102 $aIT 105 $ay-------001yy 200 1 $a<>psicologia del tempo$fPaola Reale 210 $aTorino$cBoringhieri$d1982 215 $a265 p.$d21 cm 225 2 $aLezioni e seminari 410 0$12001$aLezioni e seminari 500 10$a<>psicologia del tempo$946720 610 1 $aTempo$aPercezione 676 $a150$v21$9Psicologia 676 $a153$v21$9Processi mentali consci e intelligenza 700 1$aReale,$bPaola$4070$035634 801 0$aIT$bUNIPARTHENOPE$c20090119$gRICA$2UNIMARC 912 $a000021758 951 $aS 150/12$bS 1076$cDSA$d2008 996 $aPsicologia del tempo$946720 997 $aUNIPARTHENOPE LEADER 00676nam0 2200241 450 001 000015185 005 20190109132145.0 100 $a20080804d1978----km-y0itay50------ba 101 0 $aita 102 $aIT 105 $ay-------001yy 200 1 $a<>beni degli enti pubblici$fFrancesco Di Renzo 205 $a2. ed. 210 $aMilano$cGiuffrè$d1978 215 $a223 p.$d26 cm 610 1 $aEnti pubblici$aPatrimonio 676 $a352.16$v19 700 1$aDi Renzo,$bFrancesco$0110033 801 0$aIT$bUNIPARTHENOPE$c20080808$gRICA$2UNIMARC 912 $a000015185 951 $a352.16/101$b29099$cNAVA4 996 $aBeni degli enti pubblici$9269746 997 $aUNIPARTHENOPE